Introductory linear algebra with applications / (Record no. 10765)
[ view plain ]
| 000 -LEADER | |
|---|---|
| fixed length control field | 00782nam a22002412 4500 |
| 001 - CONTROL NUMBER | |
| control field | 0000004417 |
| 005 - DATE AND TIME OF LATEST TRANSACTION | |
| control field | 20151217154348.0 |
| 008 - FIXED-LENGTH DATA ELEMENTS--GENERAL INFORMATION | |
| fixed length control field | 070523s xx 000 0 eng d |
| 020 ## - INTERNATIONAL STANDARD BOOK NUMBER | |
| International Standard Book Number | 0130182656 : |
| Terms of availability | KES 5,590 |
| 040 ## - CATALOGING SOURCE | |
| Original cataloging agency | KABU |
| Transcribing agency | KABU |
| 050 #0 - LIBRARY OF CONGRESS CALL NUMBER | |
| Classification number | QA184 |
| Item number | .K65 2001 |
| 100 1# - MAIN ENTRY--PERSONAL NAME | |
| Personal name | Kolman, Bernard, |
| Dates associated with a name | 1932-. |
| -- | 0000154965 |
| 245 10 - TITLE STATEMENT | |
| Title | Introductory linear algebra with applications / |
| Statement of responsibility, etc. | Bernard Kolman, David Ross Hill. |
| 250 ## - EDITION STATEMENT | |
| Edition statement | 7th ed. |
| 260 ## - PUBLICATION, DISTRIBUTION, ETC. (IMPRINT) | |
| Place of publication, distribution, etc. | Upper Saddle River, NJ : |
| Name of publisher, distributor, etc. | Prentice Hall, |
| Date of publication, distribution, etc. | c2001. |
| 300 ## - PHYSICAL DESCRIPTION | |
| Extent | xvi, 577, 68, 10 p. : |
| Other physical details | ill. ; |
| Dimensions | 27 cm. |
| 500 ## - GENERAL NOTE | |
| General note | Includes index. |
| 650 #0 - SUBJECT ADDED ENTRY--TOPICAL TERM | |
| Topical term or geographic name as entry element | Algebras, Linear. |
| -- | 0000154658 |
| 700 1# - ADDED ENTRY--PERSONAL NAME | |
| Personal name | Hill, David Ross. |
| -- | 0000154966 |
| 908 ## - PUT COMMAND PARAMETER (RLIN) | |
| Put command parameter | 070523 |
| 950 ## - LOCAL HOLDINGS (RLIN) | |
| -- | 1 |
| Withdrawn status | Lost status | Source of classification or shelving scheme | Not for loan | Home library | Current library | Date acquired | Total Checkouts | Total Renewals | Full call number | Barcode | Date last seen | Date last checked out | Price effective from | Koha item type |
|---|---|---|---|---|---|---|---|---|---|---|---|---|---|---|
| Library of Congress Classification | Kabarak, Main Campus | Kabarak, Main Campus | 17/12/2015 | 10 | 1 | QA184 .K65 2001 | 008432 | 05/12/2022 | 02/12/2022 | 17/12/2015 | General Collection |